000 00667nam a2200217Ia 4500
001 15227
003 GE_BSU
008 181216s||||||||xx |||||||||||||| ||und||
040 _cGE_BSU
080 _a821.353.1-31
100 _aშენგელაია,დემნა
245 _aწითელი ყაყაჩო
245 _bრომანი
245 _cრედ.კ.ბობოხიძე. მხატვ. თ.ბილიხოძე
260 _aთბილისი
260 _bსახელგამი
260 _c1952
300 _a220გვ.ილ.17სმ.
653 _aწითელი ყაყაჩო
942 _cBK
999 _c48339
_d48339